Statystyki dla Kierowcy F1 2020

Kliknij tutaj aby rozwiązać quiz!

Ogólne statystyki

  • Ten quiz został rozwiązany 53 razy
  • Średni wynik to 19 z 24

Statystyki odpowiedzi

ZespółKierowca% Poprawnych
Mercedes-AMG Petronas F1 TeamLewis Hamilton
100%
Valtteri Bottas
98%
Charles Leclerc
93%
Aston Martin Red Bull RacingMax Verstappen
93%
McLaren F1 TeamCarlos Sainz
91%
Williams RacingGeorge Russell
91%
Scuderia FerrariSebastian Vettel
91%
BWT Racing Point F1 TeamSergio Perez
91%
Lando Norris
89%
Renault DP World F1 TeamDaniel Ricciardo
87%
Scuderia AlphaTauri HondaPierre Gasly
85%
Alfa Romeo Racing OrlenKimi Raikkonen
83%
Nicholas Latifi
83%
Haas F1 TeamRomain Grosjean
83%
Alexander Albon
80%
Lance Stroll
80%
Kevin Magnussen
78%
Antonio Giovinazzi
76%
Esteban Ocon
76%
Nico Hulkenberg
70%
Daniil Kvyat
65%
George Russell
43%
Pietro Fittipaldi
39%
Jack Aitken
37%

Rozkład punktacji

Percentyl według liczby udzielonych odpowiedzi

Procent ludzi z każdym wynikiem

Twoja historia wyników

Nie rozwiązałeś tego quizu